000 00388nam a22001577a 4500
003 OSt
008 250205b |||||||| |||| 00| 0 eng d
041 _aeng
082 _a028.7021
_bVIN/TE
100 _aVinodKumar
_97070
245 _aTests of Reasoning and Mental Ability Book1
250 _a1st
260 _aNew Delhi:
_bSultan Chand & Sons,
_c1992.
300 _a116p.
942 _cBK
999 _c19299
_d19299